Havana glam : romanzo /

সংরক্ষণ করুন:
গ্রন্থ-পঞ্জীর বিবরন
প্রধান লেখক: Wu Ming 5 (লেখক)
বিন্যাস: গ্রন্থ
ভাষা:ইতালিয়
প্রকাশিত: Roma : Fanucci, 2001
মালা:AvantPop ; 16
ট্যাগগুলো: ট্যাগ যুক্ত করুন
কোনো ট্যাগ নেই, প্রথমজন হিসাবে ট্যাগ করুন!

MARC

LEADER 00000nam a22000007i 4500
001 IT\ICCU\RAV\0785121
003 ItRI
005 20260115231906.0
008 011004s2001 it |||||| ||||| |||||c
020 |a 8834708210 
040 |b ita  |c importazione bologna sebina 
041 7 |a ita  |2 ISO-639-2 
100 0 |a Wu Ming 5  |0 IT\ICCU\TO0V\574685  |4 aut 
245 1 0 |a Havana glam :  |b romanzo /  |c Wu Ming 5. 
260 |a Roma :  |b Fanucci,  |c 2001 
300 |a 407 p. ;  |c 18 cm. 
790 1 |a Pedrini, Riccardo,  |d  (1964- )  |3 IT\ICCU\LO1V\354693  |z Wu Ming 5 
830 0 |a AvantPop ;  |v 16  |0 IT\ICCU\TO0\0689777 
942 |2 ddc  |c BK  |n 0 
952 |0 0  |1 0  |4 0  |6 DOC_853_914000000000000_WUM  |7 0  |9 15585  |a BO  |b BO  |d 2026-01-15  |i 14072  |l 0  |o DOC 853.914 WUM  |p BO14072  |r 2026-01-15 23:19:06  |w 2026-01-15  |x [Sebina 5] [1 v.]  |y BK  |z 1 v. 
999 |c 13411  |d 13411